| 000 | 01692nam a2200313 c 4500 | ||
|---|---|---|---|
| 003 | BLK | ||
| 005 | 20180422115731.0 | ||
| 008 | 180411b bul|||||r ||||||| ||bul|| | ||
| 010 | _aKNG00199853000 | ||
| 040 | _aBLK | ||
| 041 |
_aBUL _cBUL |
||
| 072 | 7 |
_2bullib _aА _xФонд Михаил Арнаудов |
|
| 080 |
_aБългарска литература _b821.163.2 _x-94 _z821.163.2-94 |
||
| 100 | 1 |
_aВазов, Иван Минчов _eпърви автор _9363396 |
|
| 139 |
_aВазов, Иван Минчов _bВ 15 |
||
| 245 | 1 | 0 |
_aИз бележника на поета _cИван Минчов Вазов. |
| 257 | _aBGR | ||
| 260 |
_аСофия _bФакел _c1941 _fСофия : Гутенберг |
||
| 300 |
_a168 с. _c15 см |
||
| 380 | _aX | ||
| 490 | 1 |
_aБиблиотека Иван Вазов _v118 |
|
| 500 | _aСъдържа: Велики спомени в печални дни; Елисейна; Два ареопага; Нашият печат в турско време; Нашият поетичен език; Нашата Мелпомена в люлката си; Айваз-баба; "Волът"; Революция; В топлите вълни; В коридора на съдилището; Есенно небе; Разходка до Искъра; Черепич; Буря в планината; По вълните на Черно море. - Инициали А. А. (вероятно Асен Арнаудов). - Мека подв. | ||
| 659 | _aА | ||
| 852 | _aЦб МА 2012 | ||
| 856 | 4 |
_qpdf _u |
|
| 856 | 4 |
_qpdf _u |
|
| 942 |
_cKNG _n0 |
||
| 944 |
_aCR _c03.02.2017 _kГеновева_Генчева |
||
| 944 |
_aED _c03.02.2017 _kГеновева_Генчева |
||
| 999 |
_c190703 _d190703 |
||